000 00721nam a2200181 i 4500
001 46428
003 ES-MaACL
005 20230906161400.0
007 t|
008 030328s1983 sp ||||1| spa d
110 2 _aCiclo de Conferencias sobre Materias Hacendísticas y Tributarias (
_d1982.
_cSanta Cruz de Tenerife)
_92805
245 1 0 _aI Ciclo de Conferencias sobre Materias Hacendísticas y Tributarias /
_c[organiza, Universidad de La Laguna].
260 _aSanta Cruz de Tenerife :
_b[Confederación de Cajas de Ahorros],
_c1983.
300 _a284 p. ;
_c21 cm.
710 2 _aUniversidad de La Laguna.
_97194
710 2 _aConfederación Española de Cajas de Ahorros.
_93148
852 _aES-MaACL
_jL-4865
_bR.105613
999 _c46428
_d46428